000 00786nam a2200217 a 4500
001 013289
003 BD-ChCU
008 Ben
020 _a৯৮৪৪০১৫৮৭১
040 _aDLC
_cDLC
_dBD-ChCU
082 0 0 _a৩৩০.৯/মাহ৮৫বা
100 1 _aমাহমুদ, আনু
_b-
245 1 0 _aবাংলাদেশের অর্থনৈতিক উন্নয়ন ও অগ্রগতি
_b-
250 _a***
260 _aঢাকা
_bআগামী প্রকাশনী
_c১৯৯১
300 _a**
504 _a- Biblio-
650 0 _aবাংলাদেশ অর্থনৈতিক অবস্থা
_bবাংলাদেশ অর্থনৈতিক অবস্থা
700 1 _a-
942 _2ddc
_cBK
999 _c13289
_d13289